Repetitorium Mikroökonomik
Guardado en:
| Autor principal: | |
|---|---|
| Otros Autores: | , |
| Formato: | Libro |
| Lenguaje: | alemán |
| Publicado: |
Berlin
Springer
1996
|
| Edición: | 1. Aufl. |
| Materias: | |
| Etiquetas: |
Sin Etiquetas, Sea el primero en etiquetar este registro!
|
MARC
| LEADER | 00000nam a2200000 4500 | ||
|---|---|---|---|
| 001 | c019016 | ||
| 005 | 20221214071712.0 | ||
| 020 | |a 3-540-60972-5 | ||
| 041 | 0 | |a ger | |
| 044 | |a DE | ||
| 245 | 1 | 0 | |a Repetitorium Mikroökonomik |c Thomas Gries, Gernot Sieg, Holger Strulik |
| 250 | |a 1. Aufl. | ||
| 264 | 1 | |a Berlin |b Springer |c 1996 | |
| 300 | |a 345 s. | ||
| 610 | 2 | 0 | |a mikroekonomika |
| 610 | 2 | 0 | |a spotreba |
| 610 | 2 | 0 | |a spotrebitelia |
| 610 | 2 | 0 | |a rozhodovanie |
| 610 | 2 | 0 | |a dopyt |
| 610 | 2 | 0 | |a ponuka práce |
| 610 | 2 | 0 | |a podnik |
| 610 | 2 | 0 | |a produkcia |
| 610 | 2 | 0 | |a náklady |
| 610 | 2 | 0 | |a trh |
| 610 | 2 | 0 | |a monopoly |
| 610 | 2 | 0 | |a konkurencia |
| 610 | 2 | 0 | |a teória hier |
| 610 | 2 | 0 | |a analýzy |
| 610 | 2 | 0 | |a hospodárstvo otvorené |
| 610 | 2 | 0 | |a hospodárstvo uzatvorené |
| 610 | 2 | 0 | |a tovar |
| 100 | 1 | |a Gries, Thomas | |
| 700 | 1 | |a Sieg, Gernot | |
| 700 | 1 | |a Strulik, Holger | |